000
00256nam a2200121Ia 4500
100
_a
JURES/ATWOOD
650
_a
Computers
942
_c
BK
245
_a
PL/SQL IN 21 DAYS
260
_b
SAMS PUBLISHING
_a
New York
_c
1997
300
_a
646
546
_a
ENGLISH
999
_c
33433
_d
33433